000 00751nam a22002297a 4500
005 20170124110030.0
010 _aA-701826
020 _c00.00
_a8170995191
035 _aA-701826
037 _bCen Lib/Ret
040 _aDPL
_bEN
082 _a378.17
_bMUS
245 _aMusic :
_cedited by Indrani Chakarvarti
_bits methods & techniques of the teaching in higher education /
260 _aNew Delhi
_bMittal Publications
_c1994
270 _bNew Delhi
_aA-110, mohan garden
_e110059
300 _ax, 171p.
_c21cm(Hb)
500 _aIncludes appendix
650 _aMusiciolgy
_921556
650 _aTechnology of teaching musiciology
_921557
700 _aChakarvarti, Indrani
_921558
942 _2ddc
_cEN
_h378.17
_mMUS
999 _c127791
_d127791